Obowiązek domowy, o który współlokatorzy często się spierają. - Statystyki

Ogólne statystyki
  • Ten quiz został rozwiązany 16 razy
  • Średni wynik to 2 z 5
Statystyki odpowiedzi
Odpowiedź % Poprawnych
Odkurzanie
80%
Gotowanie
50%
Wyrzucanie śmieci
40%
Mycie naczyń
30%
Mycie łazienki
0%
Nie znaleziono quizów pasujących do podanych kryteriów
Rozkład punktacji
Procent ludzi z każdym wynikiem
Percentyl według liczby udzielonych odpowiedzi
Twoja historia wyników
Nie rozwiązałeś tego quizu